| 000 | 01316cam a2200349 a 4500 | ||
|---|---|---|---|
| 001 | 1579119 | ||
| 003 | NUST - PNEC | ||
| 005 | 20170116181053.0 | ||
| 008 | 931018s1994 waua 001 0 eng | ||
| 010 | _a 93023634 | ||
| 020 | _a1556155875 | ||
| 040 |
_aDLC _cLIBRARY _dDLC |
||
| 050 | 0 | 0 |
_aHF5548.4.M523 _bM515 1994 |
| 082 | 0 | 0 | _a650.02855369 MIC |
| 100 |
_911951 _aMicrosoft |
||
| 245 | 0 | 0 |
_aMicrosoft Excel 5 for Windows step by step / _cCatapult. |
| 260 |
_aRedmond, Wash. : _bMicrosoft Press, _cc1994. |
||
| 300 |
_axxxii, 330 p. : _bill. ; _c24 cm. |
||
| 490 | 1 | _aStep by step | |
| 500 | _aIncludes index. | ||
| 538 | _aSystem requirements for accompanying computer disk (PC; DOS; Microsoft Windows 3.1 or later) | ||
| 630 | 0 | 0 | _aMicrosoft Excel (Computer file) |
| 650 | 0 |
_aBusiness _xComputer programs. _xMIS |
|
| 650 | 0 | _aElectronic spreadsheets. | |
| 650 | 0 | _aWindows (Computer programs) | |
| 710 | 2 | _aCatapult, Inc. | |
| 740 | 0 | _aMicrosoft Excel Five for Windows, step by step. | |
| 830 | 0 | _aStep by step (Redmond, Wash.) | |
| 906 |
_a7 _bcbc _corignew _d1 _eocip _f19 _gy-gencatlg |
||
| 942 |
_2ddc _cBK |
||
| 999 |
_c68454 _d68454 |
||